| 000 | 00765cam a2200241 4500 | ||
|---|---|---|---|
| 001 | ABS61595 | ||
| 008 | 000000n1999 000 0 eng u | ||
| 035 | _a(Sirsi) u101853 | ||
| 100 | _aDelargy, M. | ||
| 245 | _aGoing up in our estimation | ||
| 260 | _c1999 | ||
| 490 |
_aBuilding _v264(8109) 22 October 1999, 38-41(3) |
||
| 520 | _aA guide to salaries of estimators, both site-based and office-based, including QSs, contracts managers, project managers and foremen. | ||
| 590 | _aABS | ||
| 650 | _aSALARY SURVEYS | ||
| 650 | _aESTIMATORS | ||
| 650 | _aQUANTITY SURVEYORS | ||
| 650 | _aPROJECT MANAGERS | ||
| 650 | _aCONTRACTS MANAGERS | ||
| 650 | _aSITE OPERATIVES | ||
| 690 | _aMANAGEMENT-BUSINESS MANAGEMENT-PROFESSIONAL PRACTICE | ||
| 942 | _n0 | ||
| 999 |
_c60958 _d60958 |
||